| 000 | 00775nam a2200205Ii 4500 | ||
|---|---|---|---|
| 003 | JO-AjNU | ||
| 008 | 230605s9999||||xx |||||||||||||| ||und|| | ||
| 017 | _a2003/8/1991 | ||
| 040 |
_aJO-AjNU _bara _erda _cJO-AjNU |
||
| 041 | _aara | ||
| 050 | 1 | 4 | _aDS255.W33 2003 |
| 100 | 3 |
_aتاليف وهيبي، أديل سليمان محمود, _eauthor _935866 |
|
| 245 | 0 | 0 | _aالحركة العلمية في نيسابور من القرن الثالث الهجري الى القرن الخامس الهجري |
| 264 | 3 | 1 | _aاربد: مؤسسة حمادة، 2003 |
| 300 | _a329ص | ||
| 336 |
_atext _btxt _2rdacontent |
||
| 337 |
_aunmediated _bn _2rdamedia |
||
| 338 |
_avolume _bnc _2rdacarrier |
||
| 650 | 4 |
_aالحضارة الاسلامية- الاسلام-تاريخ _935867 |
|
| 999 |
_aA14848 _c18416 _d18416 |
||